000 00484 a2200193 4500
005 20260213164447.0
008 260213b |||||||| |||| 00| 0 eng d
020 _a9789394384538
_cRs. 1699.00
040 _aMAIN
082 _a355.02
_bJ1730
100 _aJadhav, Samita
245 _aOil and gas war
260 _bSaddle Publishers
_c2022
_aDelhi
300 _aviii, 248
650 _aMilitary Science
650 _aEnergy Security
650 _aModern Warfare
942 _cBK
999 _c395465
_d395465